Hands on Research (Registo nº 200465)
[ vista simples ]
| 000 -Etiqueta do registo | |
|---|---|
| Valores | 00806nam 22002533 4500 |
| 010 ## - Número ISBN | |
| ISBN | 9789083404165 |
| 021 ## - Número do Depósito Legal | |
| Código do país | Holanda |
| Número | CC BY-NC-SA 4.0 |
| 100 ## - Dados gerais de processamento | |
| Dados gerais | 20260209d u||y0pory50 ba |
| 101 ## - Língua de publicação | |
| Língua | Inglês |
| 102 ## - País de publicação | |
| País | Holanda |
| 200 ## - Titulo e menção de responsabilidade | |
| Título próprio | Hands on Research |
| Informação de outro título | for artists, designers & educators |
| Primeira menção de responsabilidade | Miriam Rasch [et al.] |
| Outras menções de responsabilidade | Design de Harma Staal |
| 205 ## - Menção da edição | |
| Edição | 2ª |
| 210 ## - Publicação | |
| Local de publicação | Rotterdam |
| Nome do editor | Set Margins |
| Data de publicação | 2025 |
| 215 ## - Descrição física | |
| Paginação / Volumes | 98, [6] p. : il. |
| Outras indicações físicas | Brochado |
| Dimensões | 22 cm |
| 606 ## - Nome comum usado como assunto | |
| ID Autoridade | 10403 |
| Palavra de ordem | Arte |
| 610 ## - Termos não controlados | |
| Palavra de ordem | Artes / Design ; Educação artística ; Métodos de Investigação / Pesquisa |
| 675 ## - CDU | |
| Notação | 7.01:001.8/RAS/HAN |
| Edição | HL |
| Língua | Ing. |
| 700 ## - Autor principal (pessoa individual) | |
| ID Autoridade | 16256 |
| Apelido | Rasch |
| Nome | Miriam |
| 702 ## - Autor secundário (pessoa individual) | |
| ID Autoridade | 16257 |
| Apelido | Staal |
| Nome | Harma |
| 801 ## - Fonte de origem | |
| País | PT |
| Agência | BMMN |
| Regras de catalogação | RPC |
| 830 ## - Notas gerais do catalogador | |
| Criado por | Carlos Pinto |
| Data de criação | 09-02-2026 |
| Indexado por | Carlos Pinto |
| 990 ## - Elementos KOHA | |
| Tipo de documento | Livro |
| Situação do levantamento | Biblioteca de origem | Código de barras | Cota | Permissão de empréstimo | Tipo de documento | Forma de aquisição |
|---|---|---|---|---|---|---|
| Biblioteca Municipal de Montemor-o-Novo | 29645 | 7.01:001.8/RAS/HAN | Livro | Compra |